000 00584nam a2200157Ia 4500
003 GCL
008 140319s9999 xx 000 0 ara d
040 _aGCL /
_cGCL
082 0 4 _aق
_b962.031
_bم ت
100 1 _aمحمد صبرى
245 1 0 _aتاريخ العصر الحديث :
_bمصر من محمد على الى اليوم /
_cمحمد صبرى
300 _a240 ؛
_c19 سم
650 0 4 _aمصر - تاريخ - العصر الحديث - عصر محمد على ( 1805- 1849 م )
650 0 4 _aمصر - تاريخ - العصر الحديث (1805 - 1956 )
942 _2ddc
_cBK
999 _c42667
_d42667